| 000 | 00551cam a2200205ua 4500 | ||
|---|---|---|---|
| 001 | 9578 | ||
| 005 | 20260515114500.0 | ||
| 008 | 160224n ii |||gr||||Z||||||eng | ||
| 020 | _a9780199459452 | ||
| 040 | _cMAIN | ||
| 041 | _aeng | ||
| 082 | _a338.9 | ||
| 100 |
_aDev, Mahendra, _eAuthor. |
||
| 245 | 0 |
_aIndia development report 2015 _ced. by Mahendra Dev |
|
| 250 | _a1st ed. | ||
| 260 |
_a[s.l]: _bIndira Gandhi Institute of Development Research, _c2015. _a[s.l]: _bOxford, _aNew Delhi: |
||
| 300 | _a481p. | ||
| 653 | _aProduction | ||
| 942 | _cBK | ||
| 999 |
_c8600 _d8600 |
||